| 000 | 01107nam a22004330a 4500 | ||
|---|---|---|---|
| 001 | PT55598 | ||
| 003 | AR-LpoUNG | ||
| 005 | 20210131231712.0 | ||
| 008 | 191001s1997||||mx |||||||||||||||||spa d | ||
| 020 |
_a968270684X _c$74 |
||
| 040 |
_aAR-LpoUNG _bspa _cAR-LpoUNG _eaacr |
||
| 041 | _aspa | ||
| 044 | _amx | ||
| 082 | 0 | _a980.035 129ern | |
| 100 | 1 | _aTaibo II, Paco Ignacio | |
| 245 | 1 | 0 |
_aErnesto Guevara : _btambién conocido como El Che |
| 250 | _a1ra. ed., 8va. reimpr. | ||
| 260 |
_aMéxico, D. F. : _bPlaneta : Joaquín Mortiz, _c1997. |
||
| 300 |
_a860 p. : _bil. |
||
| 650 | 4 | _aAMERICA LATINA | |
| 650 | 4 | _aANALISIS HISTORICO | |
| 650 | 4 | _aARGENTINA | |
| 650 | 4 | _aBIOGRAFIAS | |
| 650 | 4 | _aCAMBIO SOCIAL | |
| 650 | 4 | _aCAPITALISMO | |
| 650 | 4 | _aCOMUNISMO | |
| 650 | 4 | _aCONFLICTOS ARMADOS | |
| 650 | 4 | _aCUBA | |
| 650 | 4 | _aESTADOS UNIDOS | |
| 650 | 4 | _aGUERRILLEROS | |
| 650 | 4 | _aHISTORIA | |
| 650 | 4 | _aMARXISMO | |
| 650 | 4 | _aREVOLUCION | |
| 650 | 4 | _aVIOLENCIA | |
| 651 | 4 | _aAmérica Latina | |
| 653 | _aESCUELA SECUNDARIA | ||
| 905 | _a55598 | ||
| 942 | _cLIB | ||
| 999 |
_c11499 _d11499 |
||